000 00393nmm a2200145Ia 4500
008 251105s9999||||xx |||||||||||||||||und||
041 _aspa
100 _aTranter, Kirsten
245 0 _aEl legado
264 _a[Madrid, España] :
_bEdiciones B,
_c2013
300 _a432 páginas
650 _aThriller & Suspense
856 _uhttps://public.digitaliapublishing.com/a/53264
942 _cCF
999 _c104742
_d104742